The Patient Revolution : How Big Data And Analytics Are Transforming the Healthcare Experience /
Salvato in:
| Autore principale: | |
|---|---|
| Natura: | Libro |
| Lingua: | inglese |
| Pubblicazione: |
Hoboken, EUA :
Wiley,
2016, c2016
|
| Serie: | (Wiley and SAS Business Series)
|
| Soggetti: | |
| Tags: |
Nessun Tag, puoi essere il primo ad aggiungerne!!
|
MARC
| LEADER | 00000nam^a2200000^a^4500 | ||
|---|---|---|---|
| 001 | 000380662 | ||
| 005 | 20250521000000.0 | ||
| 009 | 20260310120614.84 | ||
| 020 | |a 978-1-119-13000-0 | ||
| 037 | |a Acervo ITESO - Biblioteca | ||
| 041 | |a ING | ||
| 082 | |a 610. 285 |b TAI | ||
| 100 | |a Tailor, Krisa |e (autor) | ||
| 245 | 1 | 4 | |a The Patient Revolution : |b How Big Data And Analytics Are Transforming the Healthcare Experience / |c K. Tailor. |
| 264 | 4 | |a Hoboken, EUA : |b Wiley, |c 2016, c2016 | |
| 300 | |a XIX, 195 p. | ||
| 336 | |a texto |b txt |2 rdacontenido | ||
| 337 | |a sin mediación |b n |2 rdamedio | ||
| 338 | |a volumen |b nc |2 rdasoporte | ||
| 440 | 1 | |a (Wiley and SAS Business Series) | |
| 649 | |a XX | ||
| 650 | |a Servicios Médicos y de Salud - |x Administración | ||
| 650 | |a Servicios Médicos y de Salud - |x Aspectos Económicos | ||
| 650 | |a Big Data | ||
| 650 | |a Información - |x Administración - |x Tema Principal | ||
| 650 | |a Minería de Datos | ||
| 650 | |a Bases de Datos - |x Administración | ||
| 650 | |a Análisis de Datos | ||
| 650 | |a Tecnologías de Comunicación e Información | ||
| 650 | |a Desarrollo Tecnológico | ||
| 650 | |a Promoción de la Salud | ||
| 650 | |a Salud Pública - |x Aspectos Tecnológicos | ||
| 650 | |a Medicina - |x Aspectos Tecnológicos - |x Tema Principal | ||
| 650 | |a Sociología de la Medicina | ||
| 910 | |a Fondo General | ||
| 920 | |a Impresos - Libros | ||
| 930 | |a Colección General | ||
| 905 | |a 101 | ||
| 901 | |a 0500275344 |b IT1 |c ACC |i C152082 |u 20250521 | ||
| 902 | |a https://opac.biblio.iteso.mx/vufind/Record/000380662 | ||